Memoirs of a geisha : (Record no. 286)

MARC details
000 -LEADER
fixed length control field 00634pam a2200217 4500
001 - CONTROL NUMBER
control field 323
005 - DATE AND TIME OF LATEST TRANSACTION
control field 20181127161310.0
008 - FIXED-LENGTH DATA ELEMENTS--GENERAL INFORMATION
fixed length control field 980519r19991997nyu 000 1 eng
010 ## - LIBRARY OF CONGRESS CONTROL NUMBER
LC control number 98026449
020 ## - INTERNATIONAL STANDARD BOOK NUMBER
International Standard Book Number 0679781587 (pbk.)
043 ## - GEOGRAPHIC AREA CODE
Geographic area code a-ja---
100 1# - MAIN ENTRY--PERSONAL NAME
Personal name Golden, Arthur,
Dates associated with a name 1957-
245 10 - TITLE STATEMENT
Title Memoirs of a geisha :
Remainder of title a novel /
Statement of responsibility, etc. Arthur Golden.
250 ## - EDITION STATEMENT
Edition statement Vintage contemporaries ed.
260 ## - PUBLICATION, DISTRIBUTION, ETC.
Place of publication, distribution, etc. New York :
Name of publisher, distributor, etc. Vintage Books,
Date of publication, distribution, etc. 1999.
300 ## - PHYSICAL DESCRIPTION
Extent 434 p. ;
Dimensions 21 cm.
650 #0 - SUBJECT ADDED ENTRY--TOPICAL TERM
Topical term or geographic name entry element Geishas
General subdivision Fiction.
Topical term or geographic name entry element Women
Geographic subdivision Japan
Form subdivision Fiction.
651 #0 - SUBJECT ADDED ENTRY--GEOGRAPHIC NAME
Geographic name Japan
General subdivision History
Chronological subdivision 20th century
General subdivision Fiction.
655 #7 - INDEX TERM--GENRE/FORM
Genre/form data or focus term Historical fiction.
Source of term gsafd
Holdings
Withdrawn status Lost status Source of classification or shelving scheme Damaged status Not for loan Collection code Home library Current library Shelving location Date acquired Serial Enumeration / chronology Inventory number Total Checkouts Total Renewals Full call number Barcode Checked out Date last seen Date last checked out Copy number Price effective from Koha item type
    Dewey Decimal Classification     Fiction RTC Library RTC Library Fiction 19/08/2021 572 14 13 FIC 813.54 GOL 30002427 12/08/2025 25/02/2025 25/02/2025 2 27/11/2018 Fiction
Royal Thimphu College || All Right Reserved